| 000 | 00587nam a22001697a 4500 | ||
|---|---|---|---|
| 999 |
_c18542 _d18542 |
||
| 003 | AR-CdUCM | ||
| 008 | 190514b ||||| |||| 00| 0 spa d | ||
| 040 |
_aMUNICIPALIDAD PROVINCIAL DEL CUSCO _cBIBLIOTECA MUNICIPAL DEL CUSCO |
||
| 082 |
_a985.001 / _bLL8 |
||
| 100 |
_aLlosa, Jorge Guillermo _96826 |
||
| 245 | _aEn busca del Perú / | ||
| 260 |
_aLima : _bSol, _c1962. |
||
| 300 |
_a194 páginas ; _c23 cm. |
||
| 505 | _aUn profeta airado -- Los jóvenes maestros -- La imagen crepuscular de Francisco Garcia Calderon -- Corrientes sociales... | ||
| 942 |
_2ddc _cLIBROS |
||
| 945 | _awfj | ||